000 00399nam a2200133Ia 4500
008 100328s9999 xx 000 0 und d
082 _b17438
100 _aरंजीत कर्नल
245 _aमौत का वारंट
260 _bशिक्षा भारती
630 _aमौत का वारंट
730 _aमौत का वारंट
942 _cBOOK
999 _c512013
_d512010